000
00281nam a22001337a 4500
008
170821b xxu||||| |||| 00| 0 eng d
020
_a
070602263
041
_a
eng
080
_a
51
100
_a
37
101
_a
MAT
245
_a
COLLEGE ALGEBRA
_c
SPIEGEL,M.R
942
_2
udc
_c
BK
999
_c
24209
_d
24209